000
00299nam a2200109Ia 4500
008
171211s9999 xx 000 0 und d
245
_a
Love in Vain: A Vision of Robert Johnson
245
_c
Alan Greenberg
260
_c
2012
650
_x
ART
856
_u
http://down.ebook777.com/062/0816680809.pdf
999
_c
348559
_d
348559